000 00584nam a2200169 a 4500
008 120416s0000 ||||||||||||||||| || u
020 _a0137820534
050 _aTJ 211 Kla
100 _aKlafter, Richard D
245 1 0 _aRobotic engineering
246 _aan integrated approach
260 _aEnglewood Cliffs, [N.J.]
_bFT Prentice-Hall
_c1989
300 _axxiii, 744p. : ill.
350 _a0.00
700 _aNegin, Michael
995 _D0.00
_FCBU-MAIN LIBRARY (Kitwe)
_H1
_I19.95
_UAVAILABLE
_ZMain Library Open Access Collection
999 _c56633
_d56633